Daňové zaťaženie poľnohospodárstva

Vplyv novelizácie daňových zákonov na poľnohospodárstvo. Ťarcha daňových zákonov podnikateľských subjektov v poľnohospodárskej prvovýrobe v oblasti priamych daní. Priame dane dosiahli za prvovýrobu objem 1 057 mil. Sk. Dosah cestnej dane na nákladovosť v poľnohospodárstve. Pôsobenie nepriamej dane a...

Full description

Saved in:
Bibliographic Details
Main Author: Chrastinová, Zuzana
Format: Book Chapter
Language:Slovak
Subjects:
Tags: Add Tag
No Tags, Be the first to tag this record!

MARC

LEADER 00000naa a2200000 4500
001 r021516
005 20230801105441.6
041 0 |a slo 
044 |a SK 
245 1 0 |a Daňové zaťaženie poľnohospodárstva  |c Zuzana Chrastinová 
520 |a Vplyv novelizácie daňových zákonov na poľnohospodárstvo. Ťarcha daňových zákonov podnikateľských subjektov v poľnohospodárskej prvovýrobe v oblasti priamych daní. Priame dane dosiahli za prvovýrobu objem 1 057 mil. Sk. Dosah cestnej dane na nákladovosť v poľnohospodárstve. Pôsobenie nepriamej dane a dane z pridanej hodnoty. Potreba úpravy daní týkajúcich sa poľnohospodárstva. Nevyhnutnosť zbližovania daňových sadzieb s krajinami EÚ. 
610 2 0 |a dane priame 
610 2 0 |a dane nepriame 
610 2 0 |a poľnohospodárstvo 
610 2 0 |a dane cestné 
610 2 0 |a dane z hodnoty pridanej 
610 2 0 |a sadzby daňové 
610 2 0 |a Európska únia 
100 1 |a Chrastinová, Zuzana